000
00320nam a2200121Ia 4500
008
180117s9999 xx 000 0 und d
100
_a
by Marky Ramone Go
245
_a
Why Backpack in the Philippines
260
_c
2016
300
_a
10-14 pages, 2016 January 24
440
_a
Philippine Panorama
650
_a
BACKPACK
999
_c
353335
_d
353335